|
|
|
|
| LEADER |
01648cas a2200241 a 4500 |
| 001 |
AALejournalIMF000090 |
| 008 |
230101c9999 xx r poo 0 0eng d |
| 020 |
|
|
|c 5.00 USD
|
| 020 |
|
|
|z 9781451810004
|
| 022 |
|
|
|a 1934-7685
|
| 040 |
|
|
|a BD-DhAAL
|c BD-DhAAL
|
| 110 |
2 |
|
|a International Monetary Fund.
|
| 245 |
1 |
0 |
|a Czech Republic :
|b Recent Economic Developments.
|
| 264 |
|
1 |
|a Washington, D.C. :
|b International Monetary Fund,
|c 1997.
|
| 300 |
|
|
|a 1 online resource (202 pages)
|
| 490 |
1 |
|
|a IMF Staff Country Reports
|
| 500 |
|
|
|a <strong>Off-Campus Access:</strong> No User ID or Password Required
|
| 500 |
|
|
|a <strong>On-Campus Access:</strong> No User ID or Password Required
|
| 506 |
|
|
|a Electronic access restricted to authorized BRAC University faculty, staff and students
|
| 520 |
3 |
|
|a This paper describes economic developments in the Czech Republic during 1990-95. In 1991-93, quick progress was made in containing inflation, rebuilding foreign reserves, and restoring confidence in economic policies; and this was followed by resumption of growth in 1994. Financial and political stability and continued progress toward a market economy attracted large capital inflows in 1993-95. In spite of attempts to sterilize these inflows, monetary growth was rapid and fueled a boom in domestic demand, which in turn widened the current account deficit and maintained inflation at relatively high levels.
|
| 538 |
|
|
|a Mode of access: Internet
|
| 830 |
|
0 |
|a IMF Staff Country Reports; Country Report ;
|v No. 1996/147
|
| 856 |
4 |
0 |
|z Full text available on IMF
|u http://elibrary.imf.org/view/journals/002/1996/147/002.1996.issue-147-en.xml
|z IMF e-Library
|